000 00525nam a2200157 a 4500
001 000040067
005 20201002033910.0
008 130805s1994 cu 000 0 spa d
020 _a9686741011
040 _aDO-SdBNP
_bspa
_cBNPHU
245 0 3 _aUn grupo avanza silencioso :
_bantología de poetas cubanos nacido entre 1958-1972 /
_cselección de Gaspar Aguilera Díaz.
250 _a2a.ed.
260 _aMéxico :
_bInstituto Cubano del Libro,
_c1994.
300 _a255 p. ;
_c18 cm.
700 1 _aAguilera Díaz, Gaspar
_966325
999 _c39557
_d39557